<?xml version="1.0" encoding="UTF-8"?>
<record
    xmlns:xsi="http://www.w3.org/2001/XMLSchema-instance"
    xsi:schemaLocation="http://www.loc.gov/MARC21/slim http://www.loc.gov/standards/marcxml/schema/MARC21slim.xsd"
    xmlns="http://www.loc.gov/MARC21/slim">

  <leader>01656nam a22001937a 4500</leader>
  <controlfield tag="008">120615t        xxu||||| |||| 00| 0 eng d</controlfield>
  <datafield tag="020" ind1=" " ind2=" ">
    <subfield code="a">0273685988</subfield>
  </datafield>
  <datafield tag="050" ind1=" " ind2=" ">
    <subfield code="a">HG4026.V36</subfield>
  </datafield>
  <datafield tag="100" ind1=" " ind2=" ">
    <subfield code="a">Van Horne, James C.</subfield>
  </datafield>
  <datafield tag="245" ind1=" " ind2=" ">
    <subfield code="a">Fundamentals of financial management. /</subfield>
    <subfield code="c">James C. Van Horne and John M. Wachowicz</subfield>
  </datafield>
  <datafield tag="250" ind1=" " ind2=" ">
    <subfield code="a">12th ed.</subfield>
  </datafield>
  <datafield tag="260" ind1=" " ind2=" ">
    <subfield code="a">U.K.:</subfield>
    <subfield code="b">Prentice Hall,</subfield>
    <subfield code="c">c2005.</subfield>
  </datafield>
  <datafield tag="300" ind1=" " ind2=" ">
    <subfield code="a">xxiv, 712 p.:</subfield>
    <subfield code="b">ill.;</subfield>
    <subfield code="c">26cm.</subfield>
  </datafield>
  <datafield tag="500" ind1=" " ind2=" ">
    <subfield code="a">Includes index.</subfield>
  </datafield>
  <datafield tag="505" ind1=" " ind2=" ">
    <subfield code="a">Contents: Introduction to financial management -- The Role of financial management -- The Business, tax, and financial environments -- Valuation -- The Value of money -- The Valuation of long-term securities -- Risk and return -- Tools of financial analysis and planning -- Financial statement analysis -- Funds analysis, cash-flow analysis, and financial planning -- Working capital management -- Overview of working capital management -- Cash and marketable securities management -- Accounts receivable and inventory management -- Short-term financing -- Investment in capital assets -- Capital budgeting and estimating cash flows -- Capital budgeting techniques -- Risk and managerial (real) options in capital budgeting -- The Cost of capital, capital structure, and dividend policy -- Intermediate and long-term financing -- The Capital market -- Long-term debt, preferred stock, and common stock -- Term loans and leases -- Special areas of financial mangement -- Convertibles, and warrants -- Mergers and other forms of corporate restructuring -- International financial management -- Appendix.</subfield>
  </datafield>
  <datafield tag="650" ind1=" " ind2=" ">
    <subfield code="b">Financial management.</subfield>
  </datafield>
  <datafield tag="700" ind1=" " ind2=" ">
    <subfield code="a">Wachowics, John M.</subfield>
  </datafield>
  <datafield tag="942" ind1=" " ind2=" ">
    <subfield code="2">lcc</subfield>
    <subfield code="c">BK</subfield>
  </datafield>
  <datafield tag="999" ind1=" " ind2=" ">
    <subfield code="c">1374</subfield>
    <subfield code="d">8874</subfield>
  </datafield>
  <datafield tag="952" ind1=" " ind2=" ">
    <subfield code="0">0</subfield>
    <subfield code="1">0</subfield>
    <subfield code="2">lcc</subfield>
    <subfield code="4">0</subfield>
    <subfield code="7">0</subfield>
    <subfield code="a">WIUC-1</subfield>
    <subfield code="b">WIUC-1</subfield>
    <subfield code="c">GEN</subfield>
    <subfield code="d">2012-06-15</subfield>
    <subfield code="l">0</subfield>
    <subfield code="o">HG4026.V36</subfield>
    <subfield code="p">3243/12</subfield>
    <subfield code="r">2012-06-15 00:00:00</subfield>
    <subfield code="t">1</subfield>
    <subfield code="w">2012-06-15</subfield>
    <subfield code="y">BK</subfield>
  </datafield>
  <datafield tag="952" ind1=" " ind2=" ">
    <subfield code="0">0</subfield>
    <subfield code="1">0</subfield>
    <subfield code="2">lcc</subfield>
    <subfield code="4">0</subfield>
    <subfield code="7">0</subfield>
    <subfield code="a">WIUC-1</subfield>
    <subfield code="b">WIUC-1</subfield>
    <subfield code="c">GEN</subfield>
    <subfield code="d">2012-06-15</subfield>
    <subfield code="l">0</subfield>
    <subfield code="o">HG4026.V361</subfield>
    <subfield code="p">3244/12</subfield>
    <subfield code="r">2012-06-15 00:00:00</subfield>
    <subfield code="t">2</subfield>
    <subfield code="w">2012-06-15</subfield>
    <subfield code="y">BK</subfield>
  </datafield>
  <datafield tag="952" ind1=" " ind2=" ">
    <subfield code="0">0</subfield>
    <subfield code="1">0</subfield>
    <subfield code="2">lcc</subfield>
    <subfield code="4">0</subfield>
    <subfield code="7">0</subfield>
    <subfield code="a">WIUC-1</subfield>
    <subfield code="b">WIUC-1</subfield>
    <subfield code="c">GEN</subfield>
    <subfield code="d">2012-06-15</subfield>
    <subfield code="l">0</subfield>
    <subfield code="o">HG4026.V362</subfield>
    <subfield code="p">3245/12</subfield>
    <subfield code="r">2012-06-15 00:00:00</subfield>
    <subfield code="t">3</subfield>
    <subfield code="w">2012-06-15</subfield>
    <subfield code="y">BK</subfield>
  </datafield>
</record>
